Équipes en Ligue Europa (2022-2023) - Statistiques

Statistiques générales
  • Ce quiz a été pris 163 fois
  • Le résultat moyen est 19 sur 32
Statistiques - réponses
Hint Réponse % Correct
Groupe B France Stade Rennais
92%
Groupe G France FC Nantes
86%
Groupe H France AS Monaco
85%
Groupe E Angleterre Manchester United
83%
Groupe A Angleterre Arsenal
81%
Groupe B Ukraine Dynamo Kiev
75%
Groupe C Italie AS Rome
74%
Groupe G Grèce Olympiakos
73%
Groupe D Portugal SC Braga
73%
Groupe B Turquie Fenerbahce
71%
Groupe F Italie Lazio
70%
Groupe E Espagne Real Sociedad
70%
Groupe C Espagne Real Betis
67%
Groupe H Serbie Étoile Rouge Belgrade
63%
Groupe G Allemagne Fribourg
61%
Groupe D Suède Malmö FF
61%
Groupe G Azerbaidjan Qarabag
61%
Groupe A Suisse FC Zürich
60%
Groupe A Pays-Bas PSV Eindhoven
57%
Groupe E Moldavie Sheriff Tiraspol
55%
Groupe E Chypre Omonia Nicosie
53%
Groupe D Allemagne Union Berlin
53%
Groupe D Belgique Union Saint-Gilloise
53%
Groupe A Norvège Bodø/Glimt
51%
Groupe H Hongrie Ferencvaros
48%
Groupe C Finlande HJK Helsinki
48%
Groupe H Turquie Trabzonspor
44%
Groupe F Pays-Bas Feyenoord Rotterdam
43%
Groupe C Bulgarie Ludogorets Razgrad
42%
Groupe F Autriche Sturm Graz
34%
Groupe B Chypre AEK Larnaca
33%
Groupe F Danemark Midtjylland
27%
Aucun quiz correspondant
Distribution des résultats
% des personnes avec chaque résultat
Percentile par nombre de réponses
Votre historique - résultats
Vous n’avez pas pris ce quiz